Hum chikhte kyu nahi (Record no. 826997)

MARC details
000 -LEADER
fixed length control field 00557nam a2200205Ia 4500
003 - CONTROL NUMBER IDENTIFIER
control field OSt
005 - DATE AND TIME OF LATEST TRANSACTION
control field 20220928144323.0
008 - FIXED-LENGTH DATA ELEMENTS--GENERAL INFORMATION
fixed length control field 220927b |||||||| |||| 00| 0 hin d
037 ## - SOURCE OF ACQUISITION
Terms of availability Textual
040 ## - CATALOGING SOURCE
Original cataloging agency SDCL
Transcribing agency SDCL
Language of cataloging hin
041 ## - LANGUAGE CODE
Source of code hin
Language code of text/sound track or separate title hin
100 ## - MAIN ENTRY--PERSONAL NAME
Personal name Khare Vishnu
9 (RLIN) 391695
245 #0 - TITLE STATEMENT
Title Hum chikhte kyu nahi
Remainder of title Es sadi ki paschim- jarman kavita
942 ## - ADDED ENTRY ELEMENTS (KOHA)
Classification part O113,1Nx, 152M4
Koha item type Textual
Source of classification or shelving scheme Colon Classification (CC)
Holdings
Withdrawn status Lost status Damaged status Not for loan Home library Current library Date acquired Total Checkouts Full call number Barcode Date last seen Price effective from Koha item type
        South Campus Library South Campus Library 2022-09-28   O113,1Nx 152M4 SC0503538 2022-09-28 2022-09-28 Textual
Copyright @ Delhi University Library System